000 01060nam a2200253Ia 4500
003 OSt
005 20220923211026.0
006 a|||||r|||| 00| 0
007 ta
008 220922b |||||||| |||| 00| 0 per d
020 _a8170558166 (hbk)
_c200
024 _a241,203
037 _b479, 26/02/2010, Vani Prakashan
_cTextual
040 _aARTS
_cARTS
_bper
041 _2per
_aper
082 _aO164,1G53x, 152P2
100 _aनारंग, गोपी चंद
_9156266
245 0 _aअमीर ख़सरोे का हिन्दवी काव्य
_b श्प्रिंगर संग्रह की बर्लिन प्रति सहित
246 _aAmīr kha़saroe kā hindavī kāvya: shpriangar sangrah kī barlin prati sahita
260 _aनयी दिल्ली
_b वाणी प्रकाशन
_c2002
300 _a141पृ0
_ccm.
942 _hO164,1G53x, 152P2
_cTEXL
_2CC
999 _c294115
_d294115